Leafhopper vectors and plant disease agents (Record no. 36855)

MARC details
000 -LEADER
fixed length control field 00364nam a2200133Ia 4500
082 ## - DEWEY DECIMAL CLASSIFICATION NUMBER
Classification number 581.2:595.75
Item number MAR
100 ## - MAIN ENTRY--AUTHOR NAME
Personal name HARRIS, Kerry F
245 #0 - TITLE STATEMENT
Title Leafhopper vectors and plant disease agents
260 ## - PUBLICATION, DISTRIBUTION, ETC. (IMPRINT)
Place of publication New York
Name of publisher Academic
Year of publication 1979
650 ## - SUBJECT ADDED ENTRY--TOPICAL TERM
Topical Term Leafhopper vectors
700 ## - ADDED ENTRY--PERSONAL NAME
Personal name MARAMOROSCH, Karl
942 ## - ADDED ENTRY ELEMENTS (KOHA)
Koha item type Books
Holdings
Withdrawn status Lost status Damaged status Not for loan Home library Current library Date acquired Full call number Accession Number Koha item type
        RRII Library RRII Library 16/12/2021 581.2:595.75 MAR 17252 Books